Simpson: personaggi per dialoghi - Statistics

Statistiche generali
  • Questo quiz è stato fatto 151 volte
  • Il punteggio medio è 7 su 15
Statistiche sulle risposte
Parole dette Personaggio % Corretto
275 mila Homer Simpson
100%
150 mila Marge Simpson
99%
120 mila Bart Simpson
94%
100 mila Lisa Simpson
92%
36 mila Signor Burns
53%
33 mila Boe
49%
23 mila Ned Flanders
30%
28 mila Seymour Skinner
29%
21 mila Krusty
26%
15 mila Milhouse
23%
11 mila Apu
19%
10 mila Lenny
18%
20 mila Commissario Winchester
16%
20-21 mila Abe Simpson
15%
16 mila Kent Brockman
2%
Nessun quiz corrispondente trovato
Distribuzione punteggi
Percentuale di utenti per punteggio
Percentile per numero di risposta
I tuoi punteggi nel tempo
Non hai fatto questo quiz